00410nam a2200097Ia 45000010005000000080041000050820024000461000061000702450157001312600024002882599241024s9999 xx 000 0 und d aRD/025.2/R426p/2010 aRepública Dominicana. Ministerio de Educación MINERD 0aPIM-Aprende Programa de Multimedia para el Aprendizaje. Videoteca del portal multimedial del PIM-Aprende para apoyar el proceso de aprendizaje 1000x1000 bSanto Domingoc2010